Ars Boni et Aequi

Bibliographic Details
Format: Journal
Language:Spanish
Published: Santiago de Chile : Universidad Bernardo O'Higgins, 2005-
Subjects:
Online Access:http://www.vlex.com/source/7156

MARC

LEADER 00000nas a22000007a 4500
005 20130312182345.0
007 cr|||| ||||
008 130312c20059999cl fr|p s|||| 0|||a1spa d
022 |a 7182457  
035 |a 7156 
040 |a vLex 
090 |c 3907  |d 3907 
245 0 0 |a Ars Boni et Aequi  |h [Recurso electrn̤ico]  
256 |a Servicio en ln̕ea 
260 |a Santiago de Chile :   |b Universidad Bernardo O'Higgins,  |c 2005- 
300 |a 1 Recurso electrn̤ico 
506 |d vLex Global  |d vLex Global (Academic Edition, excluding Law Schools)  |d vLex Global (U.S. Academic Edition, Law Schools)  |d vLex Global (U.S. Academic Edition, excluding Law Schools)  |d vLex Global (Academic Edition, Law Schools) 
650 0 4 |a Derecho  |v Revistas 
740 |a vLex Revistas (Servicio en ln̕ea)  
856 |a Acceso restringido  |u http://www.vlex.com/source/7156 
942 |c REV 
999 0 |a Law